| 000 | 00351nam a22001457a 4500 | ||
|---|---|---|---|
| 008 | 230612b ||||| |||| 00| 0 eng d | ||
| 020 | _a97817436095 | ||
| 041 | _aeng | ||
| 080 |
_2VOLUME 9 NUMBER,1,2,3,4,5,6,7,8 _a61 |
||
| 082 | _a61BLA | ||
| 100 | _a5 | ||
| 101 | _aMP | ||
| 245 |
_aTHE JOURNAL OF SEXUAL MEDICINE _cBLACKWELL,W |
||
| 942 |
_2udc _cBK |
||
| 999 |
_c59938 _d59938 |
||